[Event "PRO League Group Stage"]
[Site "chess.com INT"]
[Date "2019.02.14"]
[Round "6"]
[White "Bryakin, Mikhail"]
[Black "Narayanan, S.L."]
[Result "1/2-1/2"]
[WhiteTitle "FM"]
[BlackTitle "GM"]
[WhiteElo "2426"]
[BlackElo "2575"]
[WhiteTeam "Volga Stormbringers"]
[BlackTeam "Delhi Dynamite"]
[WhiteFideId "4165314"]
[BlackFideId "5058422"]
[EventDate "2019.01.08"]

1. d4 Nf6 2. c4 e6 3. Nf3 d5 4. g3 Be7 5. Bg2 O-O 6. O-O dxc4 7. Qc2 c6 8. Qxc4
b5 9. Qc2 Bb7 10. Bg5 Nbd7 11. Nbd2 Rc8 12. Rac1 c5 13. dxc5 Bxc5 14. Qb1 Qb6
15. Bxf6 Nxf6 16. Ne5 Bxg2 17. Kxg2 Qb7+ 18. Ndf3 Ne4 19. Rc2 Rcd8 20. Nd3 Bb6
21. Qc1 f6 22. Nb4 Rd6 23. Rc6 Rfd8 24. Rxd6 Rxd6 25. Nd3 Ng5 26. Qf4 e5 27.
Nxe5 Ne6 28. Qf5 fxe5 29. Qxe5 Qd5 30. Qxd5 Rxd5 31. Rc1 g5 32. h3 h5 33. e3 Rc5
34. Rxc5 Bxc5 35. g4 h4 36. Ne5 Bd6 37. Nd3 Kf7 38. Kf3 Nc5 39. Nxc5 Bxc5 40.
Ke4 Ke6 41. f4 Be7 42. b3 Bd8 43. Kd4 Kd6 44. Ke4 Ke6 45. Kd4 Be7 46. Ke4 a5 47.
a4 bxa4 48. bxa4 Bd8 49. Kd4 Kd6 50. Ke4 Bb6 51. Kf5 Bxe3 52. Kxg5 Ke6 53. Kxh4
Bxf4 54. Kh5 Kf6 55. h4 Bg3 56. g5+ Kf5 57. g6 Be5 58. Kh6 Kg4 59. g7 Bxg7+ 60.
Kxg7 Kxh4 61. Kf6 Kg4 62. Ke5 Kg5 63. Kd5 Kf6 64. Kc5 Ke7 65. Kb6 Kd8 66. Kxa5
Kc8 67. Ka6 1/2-1/2

[Event "PRO League Group Stage"]
[Site "chess.com INT"]
[Date "2019.02.14"]
[Round "6"]
[White "Grover, Sahaj"]
[Black "Frolyanov, Dmitry"]
[Result "0-1"]
[WhiteTitle "GM"]
[BlackTitle "GM"]
[WhiteElo "2511"]
[BlackElo "2517"]
[WhiteTeam "Delhi Dynamite"]
[BlackTeam "Volga Stormbringers"]
[WhiteFideId "5021103"]
[BlackFideId "4151976"]
[EventDate "2019.01.08"]

1. e4 e5 2. Nf3 Nf6 3. Nxe5 d6 4. Nf3 Nxe4 5. Nc3 Nxc3 6. dxc3 Be7 7. Be3 O-O 8.
Qd2 Nd7 9. O-O-O Nf6 10. Kb1 c6 11. h3 Qa5 12. c4 Qxd2 13. Rxd2 d5 14. Bd3 Re8
15. Re1 Be6 16. Ng5 Bd7 17. cxd5 Nxd5 18. Nf3 Nxe3 19. Rxe3 Be6 20. c3 Bc5 21.
Re5 Bb6 22. Rde2 h6 23. Bc4 Bc7 24. Rxe6 fxe6 25. Bxe6+ Kh7 26. h4 g6 27. Nd4
Bb6 28. f4 Bxd4 29. cxd4 Rad8 30. Re4 h5 31. Kc2 Kg7 32. Kd3 Kf6 33. Bh3 Rxe4
34. Kxe4 Re8+ 35. Kd3 Re1 36. Bc8 b6 37. Bd7 c5 38. d5 Rd1+ 0-1

[Event "PRO League Group Stage"]
[Site "chess.com INT"]
[Date "2019.02.14"]
[Round "6"]
[White "Manu, David Suthandram R"]
[Black "Oparin, Grigoriy"]
[Result "0-1"]
[BlackTitle "GM"]
[WhiteElo "2252"]
[BlackElo "2613"]
[WhiteTeam "Delhi Dynamite"]
[BlackTeam "Volga Stormbringers"]
[WhiteFideId "35019562"]
[BlackFideId "24125890"]
[EventDate "2019.01.08"]

1. b3 d5 2. Bb2 Nf6 3. e3 Bf5 4. Nf3 e6 5. Be2 h6 6. O-O Bd6 7. d3 Nbd7 8. Nbd2
Bh7 9. c4 O-O 10. Re1 Qe7 11. a3 a5 12. Nf1 c6 13. Ng3 Rfd8 14. d4 Ne4 15. Bd3
f5 16. Qe2 Ndf6 17. Ne5 Nxg3 18. hxg3 Ne4 19. Bxe4 fxe4 20. f4 exf3 21. gxf3
Bxe5 22. dxe5 dxc4 23. Qxc4 Qf7 24. Qe2 Rd3 25. b4 Rf8 26. Rf1 Qh5 27. Bd4 a4
28. Rf2 Qh3 29. Rg2 h5 30. Bc5 Rf7 31. Rd1 Rxd1+ 32. Qxd1 Bg6 33. e4 h4 34. Bf2
hxg3 35. Rxg3 Qh5 36. Qd8+ Rf8 37. Qe7 Rxf3 38. Qxe6+ Kh7 39. Rg2 Rh3 40. Qxh3
Qxh3 41. Rh2 Qxh2+ 42. Kxh2 Bxe4 43. Kg3 Kg6 44. Kf4 Bd5 45. Bh4 Kf7 46. Bg5 Ke6
47. Bh4 Bg2 48. Bg5 Kd5 49. Be7 b5 50. Bd6 Bh3 51. Kg5 Kc4 52. Kg6 Kb3 53. Kxg7
Kxa3 54. Kf6 Kb3 55. e6 a3 56. e7 Bd7 57. Kf7 a2 58. Be5 Kxb4 59. Kf8 c5 60. Kf7
c4 61. e8=Q Bxe8+ 62. Kxe8 c3 63. Kd7 a1=Q 64. Kc6 Kc4 0-1

[Event "PRO League Group Stage"]
[Site "chess.com INT"]
[Date "2019.02.14"]
[Round "6"]
[White "Aditya, Mittal"]
[Black "Dobrov, Vladimir"]
[Result "0-1"]
[WhiteTitle "CM"]
[BlackTitle "GM"]
[WhiteElo "2251"]
[BlackElo "2478"]
[WhiteTeam "Mumbai Movers"]
[BlackTeam "Moscow Wizards"]
[WhiteFideId "35042025"]
[BlackFideId "4136594"]
[EventDate "2019.01.08"]

1. d4 Nf6 2. c4 c6 3. Nc3 d5 4. Nf3 e6 5. g3 dxc4 6. Bg2 b5 7. Ne5 Nd5 8. O-O
Bb7 9. a4 a6 10. e4 Nxc3 11. bxc3 Nd7 12. Bf4 Be7 13. Qg4 g6 14. axb5 cxb5 15.
d5 Nxe5 16. Bxe5 Bf6 17. Qf4 Bxe5 18. Qxe5 O-O 19. dxe6 Qe7 20. exf7+ Rxf7 21.
Qxe7 Rxe7 22. Rfd1 a5 23. Rd4 Kf7 24. f4 a4 25. e5 a3 26. Bd5+ Bxd5 27. Rxd5 Rb7
28. Ra2 b4 29. cxb4 Rxb4 30. Rd7+ Ke6 31. Rd6+ Ke7 32. Rdd2 c3 33. Re2 Rb2 34.
Kf1 c2 35. Ra1 Rb1+ 36. Re1 a2 37. Ke2 Rxe1+ 38. Kxe1 c1=Q+ 39. Rxc1 a1=Q 40.
Rxa1 Rxa1+ 41. Kf2 Ra2+ 42. Kf3 Rxh2 43. Kg4 h6 44. f5 gxf5+ 45. Kxf5 Rf2+ 46.
Kg6 Ke6 47. Kxh6 Kxe5 48. g4 Kf4 49. g5 Rh2+ 50. Kg6 Rg2 0-1

[Event "PRO League Group Stage"]
[Site "chess.com INT"]
[Date "2019.02.14"]
[Round "6"]
[White "Mohammad, Nubairshah Shaikh"]
[Black "Grigoriants, Sergey"]
[Result "0-1"]
[WhiteTitle "IM"]
[BlackTitle "GM"]
[WhiteElo "2437"]
[BlackElo "2541"]
[WhiteTeam "Mumbai Movers"]
[BlackTeam "Moscow Wizards"]
[WhiteFideId "5053196"]
[BlackFideId "4130804"]
[EventDate "2019.01.08"]

1. d4 Nf6 2. c4 e6 3. Nc3 Bb4 4. e3 O-O 5. Ne2 c6 6. a3 Ba5 7. b4 Bc7 8. d5 d6
9. Ng3 a5 10. Rb1 axb4 11. axb4 exd5 12. cxd5 Ng4 13. f3 Ne5 14. Be2 Nbd7 15.
O-O Nf6 16. f4 Ng6 17. Kh1 Re8 18. e4 Bd7 19. Bb2 Qe7 20. Bc4 Ng4 21. Nce2 Bb6
22. Bd4 Qh4 23. h3 Ne3 24. Bxe3 Bxe3 25. dxc6 Bxh3 0-1

[Event "PRO League Group Stage"]
[Site "chess.com INT"]
[Date "2019.02.14"]
[Round "6"]
[White "Usmanov, Vasily"]
[Black "Ghosh, Diptayan"]
[Result "1/2-1/2"]
[WhiteTitle "IM"]
[BlackTitle "GM"]
[WhiteElo "2450"]
[BlackElo "2544"]
[WhiteTeam "Moscow Wizards"]
[BlackTeam "Mumbai Movers"]
[WhiteFideId "4135741"]
[BlackFideId "5045207"]
[EventDate "2019.01.08"]

1. d4 Nf6 2. Nf3 e6 3. c4 b6 4. a3 Bb7 5. Nc3 d5 6. Bg5 Be7 7. Bxf6 Bxf6 8. Qa4+
Nd7 9. cxd5 exd5 10. g3 O-O 11. Bh3 Nb8 12. O-O Na6 13. Rfd1 c5 14. Rac1 Qe7 15.
e3 Rfd8 16. Bf1 Nc7 17. dxc5 bxc5 18. Bg2 Ne6 19. Qb3 d4 20. exd4 Bxf3 21. Bxf3
Nxd4 22. Rxd4 Bxd4 23. Bxa8 Rxa8 24. Qc4 Rd8 25. Rc2 h5 26. h4 Qb7 27. Re2 g6
28. Qb5 Qa8 29. Kh2 Kg7 30. Ne4 Qd5 31. Qd3 c4 32. Qf3 Re8 33. Kg2 Bxb2 34. Rxb2
Rxe4 35. Rb8 Rd4 36. Qxd5 Rxd5 37. Rc8 Ra5 38. Rxc4 Rxa3 39. Rc6 a5 40. Ra6 a4
41. Kg1 Ra2 42. Kg2 a3 43. Kf3 Ra1 44. Ke3 f6 45. Ra7+ Kh6 46. Kf3 a2 47. Kg2 g5
48. hxg5+ fxg5 49. Ra6+ Kg7 50. Kh2 Kf7 51. Kg2 Ke7 52. Kh2 Kd7 53. Kg2 Kc7 54.
Ra8 Kc6 55. Ra3 Kd5 56. Ra8 h4 57. gxh4 gxh4 58. Ra7 h3+ 59. Kh2 Ke4 60. Ra8 Kf3
61. Rf8+ Ke2 62. Re8+ Kxf2 63. Rf8+ Ke3 64. Re8+ Kf4 65. Rf8+ Kg5 66. Rg8+ Kf6
67. Ra8 1/2-1/2

[Event "PRO League Group Stage"]
[Site "chess.com INT"]
[Date "2019.02.14"]
[Round "6"]
[White "Seliverstov, Vladimir"]
[Black "Adhiban, Baskaran"]
[Result "0-1"]
[WhiteTitle "IM"]
[BlackTitle "GM"]
[WhiteElo "2462"]
[BlackElo "2689"]
[WhiteTeam "Moscow Wizards"]
[BlackTeam "Mumbai Movers"]
[WhiteFideId "4192036"]
[BlackFideId "5018471"]
[EventDate "2019.01.08"]

1. d4 d5 2. c4 e6 3. Nf3 Nf6 4. g3 Bb4+ 5. Nbd2 O-O 6. Qc2 c5 7. dxc5 Bxc5 8.
Bg2 Qc7 9. O-O b5 10. b3 Bb7 11. Bb2 Nbd7 12. Rac1 Rfc8 13. Qb1 dxc4 14. bxc4 b4
15. Nb3 Be4 16. Qa1 a5 17. Nxc5 Qxc5 18. Rfd1 a4 19. Bd4 Qe7 20. Bh3 b3 21. Rd2
Rab8 22. axb3 axb3 23. Qb2 Bc2 24. Ne1 Ne4 25. Nxc2 bxc2 26. Qxc2 Nxd2 27. Qxd2
Nc5 28. Bb2 Rd8 29. Qc3 Qg5 30. Ba3 Rb3 31. Qa5 Ne4 32. Qa4 Nc3 33. Qxb3 Nxe2+
34. Kg2 Nxc1 35. Qb7 Nd3 36. Qc7 Ne1+ 37. Kf1 Nc2 38. f4 Qf6 39. Bb2 Ne3+ 40.
Ke1 Rd1+ 41. Ke2 Qxb2+ 42. Kf3 h5 0-1

[Event "PRO League Group Stage"]
[Site "chess.com INT"]
[Date "2019.02.14"]
[Round "6"]
[White "Sargsyan, Anna M."]
[Black "Chigaev, Maksim"]
[Result "0-1"]
[WhiteTitle "WFM"]
[BlackTitle "GM"]
[WhiteElo "2339"]
[BlackElo "2604"]
[WhiteTeam "Armenia Eagles"]
[BlackTeam "Estonia Horses"]
[WhiteFideId "13308130"]
[BlackFideId "4108116"]
[EventDate "2019.01.08"]

1. d4 Nf6 2. Nf3 g6 3. Bg5 Bg7 4. Nbd2 O-O 5. c3 d6 6. e4 Nc6 7. Be2 Qe8 8. O-O
Nd7 9. h3 e5 10. dxe5 Ndxe5 11. Nxe5 Qxe5 12. Be3 Qe7 13. Qc2 Kh8 14. Rae1 Bd7
15. f4 f5 16. Bd3 Qf7 17. Bc4 Be6 18. Bxe6 Qxe6 19. b3 Rae8 20. exf5 Qxf5 21.
Qxf5 gxf5 22. Nb1 Kg8 23. Kf2 Kf7 24. Re2 h5 25. g3 Bf6 26. Rfe1 Rg8 27. Kf3 a5
28. Bf2 Rxe2 29. Rxe2 b5 30. Na3 Rb8 31. c4 bxc4 32. Nxc4 a4 33. bxa4 Ra8 34. a5
d5 35. Nd2 Nxa5 36. g4 hxg4+ 37. hxg4 fxg4+ 38. Kxg4 Nc6 39. Nf3 Ra4 40. Ng5+
Bxg5 41. Kxg5 d4 42. Rc2 d3 43. Rc3 d2 44. Rd3 Rxa2 45. Be3 Ra3 46. Rxd2 Rxe3
47. Rc2 Re6 48. f5 Rd6 49. Rh2 Kg7 50. Re2 Nd8 51. Re7+ Nf7+ 52. Kf4 c6 53. Rc7
Kf6 0-1

[Event "PRO League Group Stage"]
[Site "chess.com INT"]
[Date "2019.02.14"]
[Round "6"]
[White "Sargsyan, Shant"]
[Black "Khanin, Semen"]
[Result "1-0"]
[WhiteTitle "IM"]
[BlackTitle "IM"]
[WhiteElo "2486"]
[BlackElo "2514"]
[WhiteTeam "Armenia Eagles"]
[BlackTeam "Moscow Phoenix"]
[WhiteFideId "13306766"]
[BlackFideId "4111990"]
[EventDate "2019.01.08"]

1. d4 Nf6 2. c4 e6 3. g3 d5 4. Bg2 dxc4 5. Nf3 Bd7 6. Ne5 Bc6 7. Nxc6 Nxc6 8.
Bxc6+ bxc6 9. Qa4 Rb8 10. Qxc6+ Qd7 11. Qxc4 Rb4 12. Qc2 Rxd4 13. O-O Bb4 14.
Be3 Rd5 15. Nc3 Bxc3 16. Qxc3 O-O 17. Rac1 c5 18. Bxc5 Ne4 19. Qa3 Nxc5 20. Rxc5
Rxc5 21. Qxc5 Rc8 22. Qe3 Rc2 23. Rc1 Rxc1+ 24. Qxc1 h5 25. h4 g6 26. Qc4 a5 27.
b3 Qd2 28. a3 Qa2 29. Qc8+ Kg7 30. Qc3+ Kg8 31. Qxa5 Qxe2 32. Qd8+ Kh7 33. Qf6
Kg8 34. b4 Qd3 35. Qb2 Qb5 36. Qb3 g5 37. a4 Qe5 38. hxg5 Qe1+ 39. Kg2 Qe4+ 40.
Kh2 h4 41. b5 Qd4 42. Qe3 Qxa4 43. b6 hxg3+ 44. Qxg3 Qb5 45. Qb8+ Kg7 46. b7 Qb2
47. Kg2 Qb5 48. Qc7 Qd5+ 49. Kh2 Qf3 50. Qe5+ Kh7 51. b8=Q Qxf2+ 52. Kh3 Qf3+
53. Qg3 Qh1+ 54. Qh2 Qf3+ 55. Qbg3 Qf1+ 56. Kg4+ 1-0

[Event "PRO League Group Stage"]
[Site "chess.com INT"]
[Date "2019.02.14"]
[Round "6"]
[White "Afanasiev, Nikita"]
[Black "Martirosyan, Haik M."]
[Result "1-0"]
[WhiteTitle "FM"]
[BlackTitle "GM"]
[WhiteElo "2508"]
[BlackElo "2607"]
[WhiteTeam "Moscow Phoenix"]
[BlackTeam "Armenia Eagles"]
[WhiteFideId "24183555"]
[BlackFideId "13306553"]
[EventDate "2019.01.08"]

1. e4 c6 2. Nf3 d5 3. Nc3 dxe4 4. Nxe4 Nf6 5. Nxf6+ exf6 6. Bc4 Be7 7. O-O O-O
8. h3 Nd7 9. Re1 Bd6 10. d4 Nb6 11. Bd3 Be6 12. b3 Nd5 13. c4 Nf4 14. Bxf4 Bxf4
15. Qc2 g6 16. Rad1 Re8 17. Be4 f5 18. d5 cxd5 19. Bxd5 Bxd5 20. Rxe8+ Qxe8 21.
Rxd5 Qe4 22. Qd1 Bc7 23. Rd7 Bb6 24. Rxf7 Rd8 25. Rd7 Rxd7 26. Qxd7 Qb1+ 27. Kh2
Bxf2 28. Qe8+ Kg7 29. Qe2 Bb6 30. Qe7+ Kh6 31. c5 Ba5 32. Qf8+ Kh5 33. Qg7 h6
34. Qe7 Bc7+ 35. Qxc7 Qxa2 36. Qxb7 Qf2 37. Qd5 1-0

[Event "PRO League Group Stage"]
[Site "chess.com INT"]
[Date "2019.02.14"]
[Round "6"]
[White "Bivol, Alina"]
[Black "Andriasian, Zaven"]
[Result "0-1"]
[WhiteTitle "WGM"]
[BlackTitle "GM"]
[WhiteElo "2393"]
[BlackElo "2604"]
[WhiteTeam "Moscow Phoenix"]
[BlackTeam "Armenia Eagles"]
[WhiteFideId "4100123"]
[BlackFideId "13302000"]
[EventDate "2019.01.08"]

1. Nf3 d5 2. g3 Bg4 3. Bg2 Nd7 4. O-O c6 5. h3 Bh5 6. d3 Ngf6 7. Qe1 e5 8. e4
dxe4 9. dxe4 Be7 10. Nh4 O-O 11. Nf5 Bc5 12. a4 Re8 13. b4 Bf8 14. Na3 a5 15.
bxa5 Bg6 16. Nc4 Bxf5 17. exf5 Bc5 18. Bb2 Qe7 19. Rd1 e4 20. Qc3 Qf8 21. g4 Nd5
22. Qg3 e3 23. Bxd5 e2 24. Bf3 exf1=Q+ 25. Kxf1 Nf6 26. Be5 Rad8 27. Re1 Bd4 28.
g5 Bxe5 29. Nxe5 Nd7 30. f6 Qd6 31. Nxd7 Rxe1+ 32. Kxe1 Qxg3 33. fxg3 Rxd7 34.
fxg7 Rd4 35. a6 bxa6 36. Bxc6 Rc4 37. Bb7 Rxa4 38. Kd2 Kxg7 39. Kd3 a5 40. Bd5
Ra1 41. c4 a4 42. c5 Rc1 43. Kd4 a3 44. h4 Rd1+ 45. Ke5 Rxd5+ 46. Kxd5 a2 47. c6
a1=Q 0-1

[Event "PRO League Group Stage"]
[Site "chess.com INT"]
[Date "2019.02.14"]
[Round "6"]
[White "Chukavin, Kirill"]
[Black "Jobava, Baadur"]
[Result "0-1"]
[WhiteTitle "FM"]
[BlackTitle "GM"]
[WhiteElo "2307"]
[BlackElo "2629"]
[WhiteTeam "Estonia Horses"]
[BlackTeam "Tbilisi Gentlemen"]
[WhiteFideId "4503023"]
[BlackFideId "13601520"]
[EventDate "2019.01.08"]

1. e4 c6 2. d4 d5 3. Nc3 a6 4. Nf3 Bg4 5. Be3 e6 6. h3 Bh5 7. Be2 Nf6 8. e5 Nfd7
9. Qd2 c5 10. Nh2 Bxe2 11. Nxe2 cxd4 12. Bxd4 Nc6 13. f4 Nxd4 14. Nxd4 Qh4+ 15.
Qf2 Qxf2+ 16. Kxf2 h5 17. g4 hxg4 18. hxg4 g5 19. f5 Nxe5 20. fxe6 Rxh2+ 21.
Rxh2 Nxg4+ 22. Kg2 Nxh2 23. exf7+ Kxf7 24. Kxh2 Bc5 25. Nf3 Re8 26. Rd1 Re2+ 27.
Kg3 Bd6+ 28. Kg4 Kg6 29. Nd4 Re4+ 30. Kf3 g4+ 31. Kg2 Be5 32. Nb3 Re2+ 33. Kf1
Rxc2 34. Rxd5 Bf4 35. Nd4 Rxb2 36. a4 g3 37. Nf5 Kf6 38. Nh4 Be3 39. Ng2 Rf2+
40. Kg1 Ba7 0-1

[Event "PRO League Group Stage"]
[Site "chess.com INT"]
[Date "2019.02.14"]
[Round "6"]
[White "Burg, Twan"]
[Black "Jojua, Davit"]
[Result "1-0"]
[WhiteTitle "GM"]
[BlackTitle "GM"]
[WhiteElo "2514"]
[BlackElo "2588"]
[WhiteTeam "Estonia Horses"]
[BlackTeam "Tbilisi Gentlemen"]
[WhiteFideId "1010697"]
[BlackFideId "13602543"]
[EventDate "2019.01.08"]

1. d4 Nf6 2. Nf3 g6 3. g3 Bg7 4. c4 d6 5. Bg2 O-O 6. Nc3 Nc6 7. O-O e5 8. dxe5
dxe5 9. Bg5 Be6 10. Qc1 Qe8 11. Rd1 Rd8 12. Bxf6 Rxd1+ 13. Qxd1 Bxf6 14. Nd5 Qd8
15. Nd2 Bg7 16. e3 f5 17. Nb3 e4 18. Nc5 Bc8 19. Qc2 b6 20. Nb3 Ne5 21. Rd1 c6
22. Nf4 Qe8 23. h4 h6 24. Nh3 Nd3 25. Nd4 c5 26. Nb5 a6 27. Nc7 Qe5 28. Nd5 Nxb2
29. Rb1 b5 30. Nhf4 Kh7 31. cxb5 axb5 32. Qxc5 Be6 33. Rxb2 Bxd5 34. Rxb5 Qa1+
35. Kh2 Bxa2 36. Ra5 Qb2 37. Ra7 Rf7 38. h5 Rxa7 39. hxg6+ Kh8 40. Qxa7 Qxf2 41.
Nh5 Qb2 42. Nxg7 Qxg7 43. Qxa2 Qxg6 44. Qd5 Qh5+ 45. Kg1 Qe2 46. Qe5+ Kg8 47.
Qxf5 Qxe3+ 48. Kh2 Qe2 49. Qg6+ Kf8 50. Qxh6+ Kf7 51. Qf4+ Kg7 52. Qxe4 Qh5+ 53.
Bh3 Qc5 54. Qg4+ Kf6 55. Bg2 Qc2 56. Qf4+ Ke7 1-0

[Event "PRO League Group Stage"]
[Site "chess.com INT"]
[Date "2019.02.14"]
[Round "6"]
[White "Pantsulaia, Levan"]
[Black "Ehlvest, Jaan"]
[Result "1-0"]
[WhiteTitle "GM"]
[BlackTitle "GM"]
[WhiteElo "2597"]
[BlackElo "2521"]
[WhiteTeam "Tbilisi Gentlemen"]
[BlackTeam "Estonia Horses"]
[WhiteFideId "13602071"]
[BlackFideId "4500016"]
[EventDate "2019.01.08"]

1. Nf3 g6 2. g3 Bg7 3. Bg2 e5 4. O-O Ne7 5. c4 d5 6. cxd5 Nxd5 7. Nc3 Ne7 8. d3
O-O 9. Bd2 Nbc6 10. Qc1 Bg4 11. Bh6 Qd7 12. Bxg7 Kxg7 13. b4 a6 14. Qb2 f6 15.
Ne4 b6 16. Rac1 Rac8 17. Rfe1 Nd5 18. a3 a5 19. b5 Na7 20. a4 Nb4 21. Red1 c5
22. bxc6 Naxc6 23. e3 Rfd8 24. Rc3 Qf5 25. Nh4 Qh5 26. Rdc1 g5 27. Rxc6 Rxc6 28.
Rxc6 Nxc6 29. Qxb6 gxh4 30. Qxc6 Qf7 31. h3 Rc8 32. Qb5 Bd7 33. Qxa5 hxg3 34.
Nxg3 Rc1+ 35. Kh2 Ra1 36. Bd5 Qe8 37. Qc7 Qc8 38. Qd6 1-0

[Event "PRO League Group Stage"]
[Site "chess.com INT"]
[Date "2019.02.14"]
[Round "6"]
[White "Volkov, Nika"]
[Black "Meshkovs, Nikita"]
[Result "1/2-1/2"]
[BlackTitle "GM"]
[WhiteElo "2153"]
[BlackElo "2557"]
[WhiteTeam "Tbilisi Gentlemen"]
[BlackTeam "Estonia Horses"]
[WhiteFideId "13604376"]
[BlackFideId "11602740"]
[EventDate "2019.01.08"]

1. d4 Nf6 2. c4 c5 3. d5 e6 4. Nc3 exd5 5. cxd5 d6 6. Nf3 g6 7. e4 Bg7 8. Be2
O-O 9. O-O Re8 10. Nd2 a6 11. a4 Nbd7 12. Nc4 Nxe4 13. Nxe4 Rxe4 14. Nxd6 Rd4
15. Qc2 Nf6 16. Nxc8 Rxc8 17. Be3 Rxd5 18. Rad1 Qc7 19. Qc4 Qe5 20. b4 Rxd1 21.
Rxd1 Ne4 22. Bg4 b5 23. axb5 axb5 24. Qxb5 Rb8 25. f4 Rxb5 26. fxe5 Bxe5 27.
bxc5 Nxc5 28. Rd5 Rb1+ 29. Kf2 Ne4+ 30. Kf3 Bxh2 31. Kxe4 f5+ 32. Bxf5 gxf5+ 33.
Kxf5 Rf1+ 34. Kg4 Rf6 35. Rd8+ Kf7 36. Rd7+ Kg6 37. g3 Re6 38. Bd4 Re1 39. Rg7+
Kh6 40. Rf7 Re4+ 41. Rf4 Rxf4+ 42. gxf4 Kg6 43. f5+ Kf7 44. Kh5 Bf4 45. Kg4 Bc1
46. Kh5 Bf4 47. Kg4 Bc1 48. Kh5 Bf4 49. Kg4 Bc1 50. Kh5 Bf4 51. Kg4 Bc1 1/2-1/2

[Event "PRO League Group Stage"]
[Site "chess.com INT"]
[Date "2019.02.14"]
[Round "6"]
[White "Gupta, Abhijeet"]
[Black "Bryakin, Mikhail"]
[Result "1-0"]
[WhiteTitle "GM"]
[BlackTitle "FM"]
[WhiteElo "2581"]
[BlackElo "2426"]
[WhiteTeam "Delhi Dynamite"]
[BlackTeam "Volga Stormbringers"]
[WhiteFideId "5010608"]
[BlackFideId "4165314"]
[EventDate "2019.01.08"]

1. Nf3 d5 2. g3 c6 3. Bg2 Bg4 4. c4 Bxf3 5. Bxf3 e6 6. O-O Nf6 7. Qb3 Qb6 8. Qc2
Nbd7 9. d3 Be7 10. cxd5 cxd5 11. Bf4 Bd6 12. Be3 Bc5 13. Bd2 O-O 14. Nc3 Rac8
15. e3 Bd6 16. d4 Rc7 17. Rac1 Rfc8 18. Qb1 a6 19. Rfd1 Bb4 20. Be1 h6 21. Bd2
Qa5 22. a3 Bxc3 23. Rxc3 Rxc3 24. Bxc3 Qb5 25. Rc1 Nb6 26. b3 Ne4 27. Qb2 Nxc3
28. Rxc3 Qe8 29. a4 Rxc3 30. Qxc3 Qc8 31. Qa5 Qd8 32. Kg2 Kf8 33. Qb4+ Ke8 34.
a5 Nd7 35. Qxb7 Qxa5 36. Be2 Nb6 37. Bxa6 Qb4 38. Qc6+ Ke7 39. Bb5 Qd6 40. Qb7+
Kf6 41. Be8 Qe7 42. Qb8 Nd7 43. Bxd7 Qxd7 44. b4 Qa4 45. b5 Qc2 46. h4 Qe4+ 47.
Kh2 Qc2 48. Qf4+ Ke7 49. b6 Qb2 50. Qc7+ Kf6 51. Kg2 Qb1 52. b7 Qe4+ 53. Kh2 Qc2
54. Qxc2 1-0

[Event "PRO League Group Stage"]
[Site "chess.com INT"]
[Date "2019.02.14"]
[Round "6"]
[White "Oparin, Grigoriy"]
[Black "Grover, Sahaj"]
[Result "1-0"]
[WhiteTitle "GM"]
[BlackTitle "GM"]
[WhiteElo "2613"]
[BlackElo "2511"]
[WhiteTeam "Volga Stormbringers"]
[BlackTeam "Delhi Dynamite"]
[WhiteFideId "24125890"]
[BlackFideId "5021103"]
[EventDate "2019.01.08"]

1. Nf3 d5 2. g3 c6 3. Bg2 Bg4 4. O-O Nf6 5. h3 Bxf3 6. Bxf3 e5 7. d3 Bc5 8. e4
dxe4 9. dxe4 Nbd7 10. Nd2 Qe7 11. Qe2 O-O 12. a4 Rfd8 13. Nc4 Nf8 14. c3 a5 15.
Ne3 Qd7 16. Kg2 Ne8 17. Bg4 Qc7 18. Nf5 Nd6 19. Bg5 Re8 20. Nxd6 Bxd6 21. Rad1
Ne6 22. Be3 g6 23. h4 h5 24. Bh3 Qe7 25. Qc4 Rad8 26. Rd3 Bc5 27. Bxe6 Bxe3 28.
Bxf7+ Qxf7 29. Qxf7+ Kxf7 30. Rxe3 Rd2 31. b4 axb4 32. Rb1 Ke6 33. cxb4 Ra2 34.
a5 Rd8 35. Rbb3 Rdd2 36. Rf3 Rab2 37. Rbc3 Rd6 38. Rf8 Rxb4 39. Re8+ Kf7 40.
Rxe5 Ra4 41. Rb3 Rd7 42. Kf3 Ra2 43. Ke3 Kf6 44. Rc5 Rdd2 45. f3 Rd7 46. Kf4 Rf7
47. Rd3 Ke6+ 48. Kg5 Rg2 49. f4 Rd7 50. Re5+ 1-0

[Event "PRO League Group Stage"]
[Site "chess.com INT"]
[Date "2019.02.14"]
[Round "6"]
[White "Frolyanov, Dmitry"]
[Black "Manu, David Suthandram R"]
[Result "1-0"]
[WhiteTitle "GM"]
[WhiteElo "2517"]
[BlackElo "2252"]
[WhiteTeam "Volga Stormbringers"]
[BlackTeam "Delhi Dynamite"]
[WhiteFideId "4151976"]
[BlackFideId "35019562"]
[EventDate "2019.01.08"]

1. Nf3 Nf6 2. g3 e6 3. Bg2 d5 4. O-O c5 5. c4 Nc6 6. cxd5 exd5 7. d4 Bg4 8. Ne5
cxd4 9. Nxg4 Nxg4 10. e4 Nf6 11. exd5 Nxd5 12. Qb3 Nb6 13. a4 a5 14. Bg5 Be7 15.
Bxe7 Nxe7 16. Qb5+ Nd7 17. Bh3 Rc8 18. Nd2 Rc6 19. Nb3 O-O 20. Nxa5 Rc5 21. Nxb7
Rxb5 22. Nxd8 Rxb2 23. Nxf7 Nc5 24. Ne5 Ra8 25. a5 Re2 26. f4 d3 27. Rfc1 d2 28.
Rd1 Kf8 29. Bf1 Re1 30. Rxe1 dxe1=Q 31. Rxe1 Rxa5 32. Rc1 Ke8 33. Rb1 Kd8 34.
Rb8+ Kc7 35. Rf8 Ra1 36. Rf7 Kd8 37. Rxg7 Nf5 38. Nc6+ Ke8 39. Rxh7 Ne4 40. Ra7
Rc1 41. Ra8+ Kf7 42. Ne5+ Ke6 43. Re8+ Kd5 44. Nd3 Rd1 45. Re5+ Kd4 46. Rxe4+
Kxe4 47. Nf2+ Kf3 48. Nxd1 Nxg3 49. hxg3 1-0

[Event "PRO League Group Stage"]
[Site "chess.com INT"]
[Date "2019.02.14"]
[Round "6"]
[White "Dobrov, Vladimir"]
[Black "Mohammad, Nubairshah Shaikh"]
[Result "1-0"]
[WhiteTitle "GM"]
[BlackTitle "IM"]
[WhiteElo "2478"]
[BlackElo "2437"]
[WhiteTeam "Moscow Wizards"]
[BlackTeam "Mumbai Movers"]
[WhiteFideId "4136594"]
[BlackFideId "5053196"]
[EventDate "2019.01.08"]

1. d4 d5 2. c4 c6 3. Nc3 dxc4 4. e3 b5 5. a4 b4 6. Ne4 Qd5 7. Nd2 c3 8. Ndf3 Nf6
9. Ne2 cxb2 10. Bxb2 Bg4 11. Nf4 Qa5 12. Bc4 e6 13. h3 Bf5 14. O-O Bd6 15. d5
exd5 16. Bxf6 gxf6 17. Nxd5 Qd8 18. Nd4 Bg6 19. Qf3 Nd7 20. Nxc6 Ne5 21. Qxf6
Qxf6 22. Nxf6+ Kf8 23. Nxe5 Bf5 24. Nxf7 Kg7 25. Nh5+ Kg6 26. Nxd6 Bd7 27. Nf4+
Kg5 1-0